000
00300nam a22001217a 4500
008
171006b xxu||||| |||| 00| 0 eng d
041
_a
eng
080
_a
159.9
100
_a
49
101
_a
psi
245
_a
DEVELOPING CRITICAL THINKING AND PROBLEM-SOLVING ABILITIES
_c
STICE, J.E
942
_2
udc
_c
BK
999
_c
32402
_d
32402